| 000 -LEADER |
| fixed length control field |
00599nam a2200193 4500 |
| 001 - CONTROL NUMBER |
| control field |
21798 |
| 003 - CONTROL NUMBER IDENTIFIER |
| control field |
BD-DhUAP |
| 005 - DATE AND TIME OF LATEST TRANSACTION |
| control field |
20230525200415.0 |
| 008 - FIXED-LENGTH DATA ELEMENTS--GENERAL INFORMATION |
| fixed length control field |
220603s2021 bg 000 0 eng |
| 020 ## - INTERNATIONAL STANDARD BOOK NUMBER |
| International Standard Book Number |
9789845062985 |
| 040 ## - CATALOGING SOURCE |
| Original cataloging agency |
BD-DhUAP |
| Language of cataloging |
eng |
| Description conventions |
BD-DhUAP |
| Transcribing agency |
BD-DhUAP |
| 082 ## - DEWEY DECIMAL CLASSIFICATION NUMBER |
| Edition number |
23 |
| Classification number |
820.08 GOL |
| 245 00 - TITLE STATEMENT |
| Title |
Golden Bangladesh at 50 : |
| Remainder of title |
contemporary poems & stories / |
| Statement of responsibility, etc. |
edited by Shazia Omar. |
| 264 #1 - PRODUCTION, PUBLICATION, DISTRIBUTION, MANUFACTURE, AND COPYRIGHT NOTICE |
| Place of production, publication, distribution, manufacture |
Dhaka : |
| Name of producer, publisher, distributor, manufacturer |
The University Press Limited, |
| Date of production, publication, distribution, manufacture, or copyright notice |
2021. |
| 300 ## - PHYSICAL DESCRIPTION |
| Extent |
vii, 154 pages |
| Dimensions |
23 cm |
| 650 ## - SUBJECT ADDED ENTRY--TOPICAL TERM |
| Topical term or geographic name entry element |
Bangladesh Celebrates 50 Years. |
| Geographic subdivision |
Bangladesh. |
| 700 ## - ADDED ENTRY--PERSONAL NAME |
| Personal name |
Omar,Shazia . |
| 942 ## - ADDED ENTRY ELEMENTS (KOHA) |
| Source of classification or shelving scheme |
|
| Koha item type |
Book |